000 00390nam a2200169Ia 4500
005 20250423095946.0
008 250422s9999 xx 000 0 und d
020 _a9786487661
050 _aKP 123 .I8/
100 _a Izunwa Okechukwu, Muurice,PhD
245 0 _aLaw and Ethics of Healthcare
260 _aAnambra
260 _bGMP
260 _c2016
300 _a624 p
942 _cBK
999 _c31858
_d31858